|
|
|
|
| LEADER |
01351nam a2200385Ia 4500 |
| 001 |
EBC272565 |
| 003 |
MiAaPQ |
| 005 |
20200520144314.0 |
| 006 |
m o d | |
| 007 |
cr cn||||||||| |
| 008 |
940928s1995 nyua sb 001 0 eng d |
| 010 |
|
|
|z 94038971
|
| 020 |
|
|
|z 0195087100
|
| 020 |
|
|
|z 9780195087109
|
| 035 |
|
|
|a (MiAaPQ)EBC272565
|
| 035 |
|
|
|a (Au-PeEL)EBL272565
|
| 035 |
|
|
|a (CaPaEBR)ebr10279427
|
| 035 |
|
|
|a (CaONFJC)MIL52723
|
| 035 |
|
|
|a (OCoLC)466427415
|
| 040 |
|
|
|a MiAaPQ
|c MiAaPQ
|d MiAaPQ
|
| 050 |
|
4 |
|a HD31
|b .R436 1995
|
| 082 |
0 |
4 |
|a 658.4/06
|2 20
|
| 082 |
0 |
4 |
|a 658.5/62
|2 20
|
| 245 |
0 |
0 |
|a Redesigning the firm
|h [electronic resource] /
|c edited by Edward H. Bowman and Bruce M. Kogut.
|
| 260 |
|
|
|a New York :
|b Oxford University Press,
|c c1995.
|
| 300 |
|
|
|a xviii, 273 p. :
|b ill.
|
| 504 |
|
|
|a Includes bibliographical references and index.
|
| 533 |
|
|
|a Electronic reproduction. Ann Arbor, MI : ProQuest, 2015. Available via World Wide Web. Access may be limited to ProQuest affiliated libraries.
|
| 650 |
|
0 |
|a Industrial management.
|
| 650 |
|
0 |
|a Industrial organization.
|
| 655 |
|
4 |
|a Electronic books.
|
| 700 |
1 |
|
|a Bowman, Edward H.
|
| 700 |
1 |
|
|a Kogut, Bruce Mitchel.
|
| 710 |
2 |
|
|a ProQuest (Firm)
|
| 856 |
4 |
0 |
|u https://ebookcentral.proquest.com/lib/matrademy/detail.action?docID=272565
|z Click to View
|